000 01817nam a2200517 i 4500
001 4999
003 KOSZ 005
005 20210810090436.0
008 200529s1987 pl a f 000 0 pol
015 _aUWD 1987/5720
020 _a8321332374
035 _a991007249669705066
035 _a(PL-WaBN)b11882761-48omnis_nlop
035 _ab11882761
035 _a(OCoLC)749830776
035 _a(PL)b0000001188276
035 _a(EXLNZ-48OMNIS_NETWORK)9910513955505606
040 _aWA N
_cWA N
_dKOSZ 005/AR
046 _k1987
080 _a624
080 _a699.86
080 _a728.3
100 1 _aPłoński, Władysław
_d(1922-2009)
_eAutor
245 1 0 _aBuduję ciepły dom /
_cWładysław Płoński.
260 _aWarszawa :
_b"Arkady",
_c1987.
300 _a95, [1] strona :
_bilustracje ;
_c22 x 23 cm.
336 _aTekst
_btxt
_2rdacontent
337 _aBez urządzenia pośredniczącego
_bn
_2rdamedia
338 _aWolumin
_bnc
_2rdacarrier
380 _aKsiążki
380 _aPublikacje fachowe
388 _a1901-2000
388 _a1945-1989
521 _aKsiążka przeznaczona dla indywidualnych inwestorów wznoszących, remontujących lub eksploatujących własne domy (mieszkania), jak i dla pracowników gospodarki komunalnej i projektantów.
650 7 _aBudownictwo
_2DBN
650 7 _aBudownictwo mieszkaniowe
_2DBN
650 7 _aBudownictwo jednorodzinne
_2DBN
650 7 _aIzolacje cieplne
_2DBN
650 7 _aOcieplenie budynku
_2DBN
655 7 _aPoradnik
_2DBN
658 _aArchitektura i budownictwo
710 2 _4pbl
_aWydawnictwo Arkady
856 _uhttp://koha.tu.koszalin.pl/cgi-bin/koha/opac-detail.pl?biblionumber=4999
_yKatalog online BPK
942 _2UKD
_cKS
999 _c4999
_d4999